Aplikácia aktívnej tepelnej ochrany pre vykurovanie a chladenie budov

Gespeichert in:
Bibliographische Detailangaben
1. Verfasser: Belovič, Ľubomír (Verfasst von)
Weitere Verfasser: Kalús, Daniel (Betreuung Doktorarbeit)
Format: Manuskript Buch
Sprache:Slowakisch
Veröffentlicht: 2015
Schlagworte:
Online-Zugang:http://is.stuba.sk/zp/portal_zp.pl?podrobnosti=112073
https://opac.crzp.sk/?fn=detailBiblioForm&sid=E75B5E22D326BA6A98A693CFFF20
Tags: Tag hinzufügen
Keine Tags, Fügen Sie das erste Tag hinzu!

MARC

LEADER 00000ntm a22000003a 4500
001 stuzp51128
003 SK-STU
005 20231010140325.8
007 ta
008 150427s2015----xo-----f-mn---000-0-slo-d
040 |a STU  |b slo 
041 0 |a slo 
100 1 |a Belovič, Ľubomír  |u 010290  |4 aut  |U SvF Stavebná fakulta  |T SvF Katedra technických zariadení budov  |X 7122  |U V290  |Y 31  |7 A000007122 
242 0 1 |a The use of activated thermal protection for the heating and cooling of buildings  |y eng 
245 1 0 |a Aplikácia aktívnej tepelnej ochrany pre vykurovanie a chladenie budov 
260 |c 2015 
650 4 |a akumulácia tepla  |2 slo 
650 4 |a aktívna tepelná ochrana  |2 slo 
650 4 |a zdroj tepla/chladu  |2 slo 
650 4 |a energetické hodnotenie  |2 slo 
650 4 |a ekonomické hodnotenie  |2 slo 
650 4 |a environmentálne hodnotenie  |2 slo 
650 4 |a vykurovanie  |2 slo 
650 4 |a chladenie  |2 slo 
650 4 |a heat storage  |2 eng 
650 4 |a energy assessment  |2 eng 
650 4 |a economic assessment  |2 eng 
650 4 |a environmental assessment  |2 eng 
650 4 |a active thermal protection  |2 eng 
650 4 |a heat/cold  |2 eng 
650 4 |a heating  |2 eng 
650 4 |a cooling  |2 eng 
700 1 |a Kalús, Daniel  |4 ths  |X 799  |7 A000000799 
856 4 |u http://is.stuba.sk/zp/portal_zp.pl?podrobnosti=112073 
856 4 |u https://opac.crzp.sk/?fn=detailBiblioForm&sid=E75B5E22D326BA6A98A693CFFF20 
SQL |a stuzp51128  |b DDP  |c SLO  |d Aplikácia aktívnej tepelnej ochrany pre vykurovanie a chladenie budov  |e 7122  |f Belovič, Ľubomír  |g 010290  |h 799  |i Kalús, Daniel  |j 20150617  |k 25  |l 01  |m http://is.stuba.sk/zp/portal_zp.pl?podrobnosti=112073  |n I-TPB  |o 5.1.4. pozemné stavby